书目信息 |
| 题名: |
实用光学与光学工程
|
|
| 作者: | ;光学组件及其制造与使用 | |
| 分册: | 第二册 | |
| 出版信息: | 九龙 爱迪出版社 |
|
| 页数: | 318页 | |
| 开本: | 20cm | |
| 丛书名: | ||
| 单 册: | ||
| 中图分类: | O439 | |
| 科图分类: | ||
| 主题词: | 光学 | |
| 电子资源: | ||
| ISBN: | ||
| 000 | 00590nam0 2200181 450 | |
| 001 | 0734690958 | |
| 005 | 20070930094100.89 | |
| 010 | @dCNY3.20 | |
| 100 | @a20070930d km y0chiy0120 ea | |
| 101 | 0 | @achi |
| 200 | 1 | @a实用光学与光学工程@Ashi yong guang xue yu guang xue gong cheng@h第二册@f光学组件及其制造与使用@Fguang xue zu jian ji qi zhi zao yu shi yong |
| 210 | @a九龙@c爱迪出版社 | |
| 215 | @a318页@d20cm | |
| 606 | 0 | @a光学 |
| 690 | @aO439@v3 | |
| 711 | 0 | @a光学组件及其制造与使用@Aguang xue zu jian ji qi zhi zao yu shi yong |
| 801 | 0 | @aCN@bPFT@c20070930 |
| 905 | @a10447@dO439@e41:2 | |
| 实用光学与光学工程.第二册/光学组件及其制造与使用.-九龙:爱迪出版社 |
| 318页;20cm |
| ISBN :CNY3.20 |
| ● |
| 相关链接 |
|
|
|
|
正题名:实用光学与光学工程
索取号:O439/41:2
 
预约/预借
| 序号 | 登录号 | 条形码 | 馆藏地/架位号 | 状态 | 备注 |
| 1 | 626226 | 206262266 | 密集书库/ [索取号:O439/41:2] | 在馆 |